MDQL
is popping MORE tags! Check the
thread
!
Quizzes
Events
Quiz Creation
Community
Videos
Private Events
Remove Ads
Sign In
Join for FREE
Feedback
Dark Mode
Quiz Categories
Sports
Geography
Music
Movies
Television
Just For Fun
Miscellaneous
History
Literature
Language
Science
Gaming
Entertainment
Religion
Holiday
For Kids
Quiz Lab
Recent
Popular Today
Quiz Kudos Today
Editor Picks
Curator Picks
Quizzes by...
Day
Popularity
Type
Ratings
Length
Year
Community
Subscriptions
Recent Discussions
Orange Saloon
Badges
Playlists
Quests
Create
Leaderboards
Showdown
Live 5
Trivia Bingo
Activity
Puzzle Library
Sporcle Events
Private Events
Virtual Trivia
Globe League
Become a Host
Pub Owners
SporcleCon
Opinionation
Our Games
Videos
Blog
Mobile Apps
Partnerships
Remove Ads and Go Orange
Feedback
Science
Computer
Plants
Astronomy
Chemistry
Elements
Math
Animal
Physics
Anatomy
Biology
Geology
General Science
Science
Computer
Plants
Astronomy
Chemistry
Elements
Math
Animal
Physics
Anatomy
Biology
Geology
General Science
Random Quiz
Search Sporcle
×
Quiz Lab
Quiz Lab
Science
Clickable
Select answers by clicking on text or image buttons
Select answers by clicking on text or image buttons
Clickable
Best Score? Go Orange.
Cardiovascular Drugz Stats
Can you name the Cardiovascular Drugz?
By
oliviarcopelan
10m
39 Questions
15 Plays
15 Plays
15 Plays
Comments
Comments
Give Quiz Kudos
Give Quiz Kudos
-
- Ratings
hide this ad
Forced Order
Answers have to be entered in order
Answers have to be entered in order
Random Order
Randomize order of answers
Randomize order of answers
Replay
Link that replays current quiz
Next Quiz
Link to next quiz in quiz playlist
You Got
0%
They Got
Avg Score
51%
Avg Friend Score
Upgrade to see
Score Distribution
Jump to the score distribution portion of the page
Score
0/39
Timer
10:00
0
Plays Today
% Correct
Statins
73.3%
Statins
73.3%
Ezetimibe
66.7%
Digoxin
66.7%
Mg2+
66.7%
Ivabradine
66.7%
B-blockers (class II antiarrhythmics)
66.7%
Adenosine
66.7%
Propanolol
66.7%
Bile acid resins (cholestyramine, colestipol, colesevelam)
60%
Fibrates
60%
NSAID
60%
Niacin (vitamin B3)
60%
IB (lidocaine, mexiletine)
60%
IC (flecainide, propafenone)
60%
Amiodarone
60%
Amiodarone
60%
Metoprolol
60%
Procainamide
60%
Quinidine
60%
% Correct
Niacin (vitamin B3)
53.3%
PCSK9 inhibitors
53.3%
Niacin (vitamin B3)
53.3%
Glycosides (digoxin)
53.3%
IC (flecainide, propafenone)
53.3%
Adenosine
53.3%
Calcium channel blockers (Class IV antiarrhythmics- Verapamil, diltiazem)
53.3%
Potassium channel blockers (Class III- Amiodarone, Ibutilide, Dofetilide, Sotalol))
53.3%
Ivabradine
53.3%
B-blockers (class II antiarrhythmics)
53.3%
Fibrates
46.7%
IA (quinidine, procainamide, disopyramide)
46.7%
Nitroprusside
37.5%
Hydralazine
37.5%
Dihydropyridines
37.5%
Calcium channel blockers (Class IV antiarrhythmics- Verapamil, diltiazem)
33.3%
Ranolazine
25%
Non-dihydropyridines (diltiazem, verapamil)
25%
Milrinone
12.5%
Quiz Playlist
Details
Report
Send in Message
Add To Playlist
Clickable:
Select answers by clicking on text or image buttons
Forced Order:
Answers have to be entered in order
Random Order:
Randomize order of answers
Last Updated: Apr 25, 2017
Quiz Scoreboard
CHALLENGE
Sign Up to Join the Scoreboard
Show All
Scores
Hide
Comments
May contain spoilers
Recently Published
1-10 Letter E Words III
by El_Dandy
Language
2m
Street Fighter Characters
by Artimus82
Gaming
60s
College Basketball Coaching Resumes
by pancakes188
Sports
9m
More to Explore
Quiz From the Vault
Featured Blog Post
Where Did the Easter Bunny Come From?
hide this ad
You Might Also Like...
Tags
Clickable Quiz
Cardiovascular
Today's Top Quizzes in Science
Browse Science
hide this ad
Today's Top Quizzes in Clickable
Browse Clickable
Top Contributed Quizzes in Science
1
Quick Pick: Radians
2
The First 100 Digits of Pi
3
Quick Pick: 'CI-CJ' Animals
4
Elements In Images
5
perfect squares 1-25
6
One Thing in Common: Science
7
One Thing in Common: Science II
8
One Thing in Common: Animals
9
One Thing in Common: Science III
10
Order Up: Organs and Body Systems
Explore More
Trending Topics
Harry Potter
NBA
Marvel
Anime
Kpop
Disney
Crossword
Pokémon
WWE
Song
Country
The Office
NFL
Puzzle
Soccer
hide this ad
More By:
oliviarcopelan
Quiz
Plays
Rating
Category
Featured
Created
MSK
27
Science
May 1, 2017
Drug Overdosez
21
Science
Apr 23, 2017
Hem Onc Drugz
18
Science
Apr 15, 2017
MSK Drugz
18
Science
Apr 18, 2017
Antimicrobialz
16
Science
Apr 16, 2017
Go to Creator's Profile
Score Distribution
Quiz Creator Spotlight
oliviarcopelan
Follow
Send a Message
Quizzes Created
-
Created Quiz Play Count
-
More By This Creator
Popular Quizzes Today
1
Find the US States - No Outlines Minefield
2
Find the Countries of Europe - No Outlines Minefield
3
The Countries of the World
4
Find the US States
5
Risky Map Clicking: Biggest States A-Z
6
US States
7
Popular People in 1961
8
Movies - When Are They Set?
More Science Quizzes
Animals by Phone Case
Quiz Lab
Trending Quizzes
Risky Map Clicking: Least Populous States A-Z
1-10 Letter G Words
1-10 Letter F Words
Countries of the World: 200 Million BC
Risky Map Clicking: Next State Alphabetically
Recently Updated
Beyoncé Albums
pecheneg
Leaping Animals
pecheneg
Reality TV Shows (A-Z)
bhenderson79
Rickey Henderson's Hall of Fame Teammates
pecheneg
Champions League XIs: Arsenal
pecheneg
Quick Pick: Celebrities in WWE's Hall of Fame
aduchscher
A-Z Keypad Blitz II
pecheneg
Multiple Oscar Actors
pecheneg
Mystery Phrase Blitz: Oscar 'Best Actors'
pecheneg
F. Scott Fitzgerald Novels
LTH
Trending Topics
Crossword
Disney
Marvel
NBA
Anime
Harry Potter
Kpop
Country
Pokémon
The Office
Puzzle
WWE
Song
Soccer
NFL
Your Account Isn't Verified!
In order to create a playlist on Sporcle, you need to verify the email address you used during registration. Go to your
Sporcle Settings
to finish the process.
Report this User
Report this user for behavior that violates our
Community Guidelines
.
Details:
Send Report
Go to the Sporcle.com Mobile Site →
Comments